Personnalités dont le nom commence par la lettre M (par images) - Statistiques

Statistiques générales
  • Ce quiz a été pris 709 fois
  • Le résultat moyen est 14 sur 20
Statistiques - réponses
Par images Réponse % Correct
Emmanuel Macron
100%
Lionel Messi
98%
Nelson Mandela
94%
Jean-Luc Mélenchon
93%
Angela Merkel
91%
Mika
90%
Diego Maradona
89%
François Mitterrand
89%
Kad Merad
89%
Bruno Mars
81%
Freddie Mercury
78%
Madonna
68%
Sophie Marceau
65%
Cillian Murphy
62%
Eddy Mitchell
53%
Paul McCartney
38%
Roger Moore
29%
Jim Morrison
26%
Georges Michael
19%
Bill Murray
18%
Aucun quiz correspondant
Distribution des résultats
% des personnes avec chaque résultat
Percentile par nombre de réponses
Votre historique - résultats
Vous n’avez pas pris ce quiz